| 000 | 00524nam a2200193Ia 4500 | ||
|---|---|---|---|
| 999 |
_c29971 _d29971 |
||
| 003 | OSt | ||
| 005 | 20201127150831.0 | ||
| 008 | 190216s9999||||xx |||||||||||||| ||und|| | ||
| 020 | _a8188011428 | ||
| 040 | _coclc | ||
| 082 |
_a920 _bKOC/S |
||
| 100 |
_a Kochangadi, Jamal _92003 |
||
| 245 | 0 |
_aSphadikam Pole / _cJamal kochangadi |
|
| 250 | _aSECOND EDI | ||
| 260 |
_bLipi Publications , _c2013. _aKozhikode; |
||
| 300 | _a102p | ||
| 650 | _aOrmakurip | ||
| 942 |
_cBK _2ddc _h920 _iKOC/S _k920 _mKOC/S |
||